| 000 | 01504nam a2200469 i 4500 | ||
|---|---|---|---|
| 001 | 29564 | ||
| 003 | KOSZ 005 | ||
| 005 | 20201125121816.0 | ||
| 008 | 970612s1991 pl a f f |000 0 pol | ||
| 015 | _aPB 1991/10582 | ||
| 020 | _a830110287X | ||
| 035 | _a(OCoLC)749853872 | ||
| 040 |
_aWA N _cWA N _dKOSZ 005/HR |
||
| 046 | _k1991 | ||
| 080 | _a637.5 | ||
| 080 | _a628.5 | ||
| 080 | _a(07) | ||
| 100 | 1 |
_aPezacki, Wincenty _d(1914-2008) _eAutor |
|
| 245 | 1 | 0 |
_aPrzetwarzanie surowców rzeźnych : _bwpływ na środowisko przyrodnicze / _cWincenty Pezacki. |
| 260 |
_aWarszawa : _bWydaw. Naukowe PWN, _c1991. |
||
| 300 |
_a151, [1] s. : _brys., wykr. ; _c24 cm. |
||
| 336 |
_2rdacontent _aTekst _btxt |
||
| 337 |
_2rdamedia _aBez urządzenia pośredniczącego _bn |
||
| 338 |
_2rdacarrier _aWolumin _bnc |
||
| 380 | _aKsiążki | ||
| 380 | _aPublikacje dydaktyczne | ||
| 388 | _a1901-2000 | ||
| 388 | _a1989-2000 | ||
| 504 | _aBibliogr. s. 146-152. | ||
| 650 | 4 | _aWpływ na środowisko | |
| 658 | _aInżynieria i technika | ||
| 658 | _aRolnictwo i leśnictwo | ||
| 658 | _aOchrona środowiska | ||
| 650 | 4 | _aOczyszczalnia ścieków | |
| 650 | 4 | _aPrzemysł mięsny | |
| 650 | 4 | _aGazy | |
| 655 | 4 | _aPodręcznik | |
| 650 | 4 | _aOdpady zwierzęce | |
| 710 | 2 |
_aWydawnictwo Naukowe PWN _4pbl. |
|
| 856 |
_uhttp://koha.tu.koszalin.pl/cgi-bin/koha/opac-detail.pl?biblionumber=29564 _yKatalog online BPK |
||
| 942 |
_2UKD _cKS |
||
| 999 |
_c29564 _d29564 |
||